000 00937nam a22002897a 4500
001 4804
003 FISKH
005 20241014153131.0
008 241014b cb ||||| |||| 00| 0 eng d
020 _a9780545858243
040 _aFISKH
_beng
_cFISKH
_dFISKH
050 _aPZ7.J92947
082 _a813.54
100 _aJules, Jacqueline
245 _aZapato Power : Freddie Ramos Makes a Splash /
_cby Jacqueline Jules : art by Miguel Benitez
260 _aNew York :
_bScholastic ;
_c2012.
300 _a80 pages :
_billustrations ;
_c20 cm .
490 _aZapato Power
505 _aK
520 _aFreddie Ramos uses his super powers to give himself courage to learn how to swim and to deal with a new neighbor who is a bully.
521 8 _a510
_bLexile estimate
521 8 _aK
_bRaz-Plus
650 _aZapato Power
_vfiction
700 _aBenitez, Miguel
_eartist
942 _2ddc
_cBK
_n0
999 _c4804
_d4804